Cinq plus grands pays par la lettre n° 1 - Statistiques

Statistiques générales
  • Ce quiz a été pris 489 fois
  • Le résultat moyen est 13 sur 20
Statistiques - réponses
pays % Correct
1 Canada
91%
2 Chine
89%
1 Australie
86%
1 Brésil
85%
1 États-Unis
84%
2 Argentine
82%
3 Algérie
76%
4 Espagne
72%
2 Bolivie
69%
2 Éthiopie
68%
4 Arabie saoudite
66%
5 Angola
60%
3 Colombie
60%
3 Égypte
55%
4 Chili
54%
3 Botswana
52%
5 Équateur
48%
5 Biélorussie
39%
5 Cameroun
37%
4 Burkina Faso
31%
Aucun quiz correspondant
Distribution des résultats
% des personnes avec chaque résultat
Percentile par nombre de réponses
Votre historique - résultats
Vous n’avez pas pris ce quiz